Quản trị tài chính quốc tế
Quyển sách Quản trị tài chính quốc tế trình bày 4 vấn đề trọng tâm của quản trị tài chính là: Vấn đề kết cấu cơ bản; Vấn đề lập ngân sách tư bản; Vấn đề tài trợ dài hạn; Vấn đề quản lý vốn lưu động. Ngoài ra sách còn trình bày ca...
Đã lưu trong:
| Príomhúdar: | |
|---|---|
| Formáid: | Leabhar |
| Teanga: | Undetermined |
| Foilsithe: |
Hà Nội
Thống Kê
2004
|
| Ábhair: | |
| Clibeanna: |
Cuir Clib Leis
Gan Chlibeanna, Bí ar an gcéad duine leis an taifead seo a chlibeáil!
|
| Thư viện lưu trữ: | Trung tâm Học liệu Trường Đại học Cần Thơ |
|---|
| LEADER | 01345nam a2200205Ia 4500 | ||
|---|---|---|---|
| 001 | CTU_119964 | ||
| 008 | 210402s9999 xx 000 0 und d | ||
| 020 | |c 70000 | ||
| 082 | |a 658.3 | ||
| 082 | |b Th107 | ||
| 100 | |a Nguyễn, Văn Thanh | ||
| 245 | 0 | |a Quản trị tài chính quốc tế | |
| 245 | 0 | |c Nguyễn Văn Thanh | |
| 260 | |a Hà Nội | ||
| 260 | |b Thống Kê | ||
| 260 | |c 2004 | ||
| 520 | |a Quyển sách Quản trị tài chính quốc tế trình bày 4 vấn đề trọng tâm của quản trị tài chính là: Vấn đề kết cấu cơ bản; Vấn đề lập ngân sách tư bản; Vấn đề tài trợ dài hạn; Vấn đề quản lý vốn lưu động. Ngoài ra sách còn trình bày các kiến thức về môi trường quản trị tài chính quốc tế; quản trị rủi ro ngoại hối; quản trị vốn lưu động của các công ty đa quốc gia; quản trị đầu tư nước ngoài; tài trợ quốc tế và ngân hàng đa quốc gia. | ||
| 650 | |a Banks and banking, international,Capital movements,Foreign exchange,International economic relations,International finance | ||
| 904 | |i Năm | ||
| 980 | |a Trung tâm Học liệu Trường Đại học Cần Thơ | ||